000 00834nam a2200265Ia 4500
003 OSt
005 20220927115042.0
006 a|||||r|||| 00| 0
007 ta
008 220926b |||||||| |||| 00| 0 eng d
024 _a82594
037 _cThesis and Dissertations
040 _aRTL
_cRTL
_beng
041 _2eng
_aeng
082 _a"X9:2.2160m2.N7, M1"
100 _aDev S Mahendra
110 _aUniversity of Delhi. depp of Economics.
_9390340
245 0 _aProductivity in organised industry in Andhra Prade
260 _aDelhi
_bUniversity of Delhi India
_c1981
300 _a194p. Bib p 87-94.
_ccm.
650 _aProduction
700 _aUniversity of Delhi. depp of Economics.
_9390341
942 _h"X9:2.2160m2.N7, M1"
_cCC
999 _c705613
_d705613